MDQL
is popping MORE tags! Check the
thread
!
Quizzes
Events
Quiz Creation
Community
Videos
Private Events
Remove Ads
Sign In
Join for FREE
Feedback
Dark Mode
Quiz Categories
Sports
Geography
Music
Movies
Television
Just For Fun
Miscellaneous
History
Literature
Language
Science
Gaming
Entertainment
Religion
Holiday
For Kids
Quiz Lab
Recent
Popular Today
Quiz Kudos Today
Editor Picks
Curator Picks
Quizzes by...
Day
Popularity
Type
Ratings
Length
Year
Community
Subscriptions
Recent Discussions
Orange Saloon
Badges
Playlists
Quests
Create
Leaderboards
Showdown
Live 5
Trivia Bingo
Activity
Puzzle Library
Sporcle Events
Private Events
Virtual Trivia
Globe League
Become a Host
Pub Owners
SporcleCon
Opinionation
Our Games
Videos
Blog
Mobile Apps
Partnerships
Remove Ads and Go Orange
Feedback
Science
Computer
Plants
Astronomy
Chemistry
Elements
Math
Animal
Physics
Anatomy
Biology
Geology
General Science
Science
Computer
Plants
Astronomy
Chemistry
Elements
Math
Animal
Physics
Anatomy
Biology
Geology
General Science
Random Quiz
Search Sporcle
×
Quiz Lab
Quiz Lab
Science
Biology
Type in answers that appear in a list
Type in answers that appear in a list
Classic
Best Score? Go Orange.
Homeostasis Stats
Homeostasis Quiz
By
jl73
15m
40 Questions
206 Plays
206 Plays
206 Plays
Comments
Comments
Give Quiz Kudos
Give Quiz Kudos
-
- Ratings
hide this ad
Replay
Link that replays current quiz
Next Quiz
Link to next quiz in quiz playlist
You Got
0%
They Got
Avg Score
29%
Avg Friend Score
Upgrade to see
Score Distribution
Jump to the score distribution portion of the page
Score
0/40
Timer
15:00
0
Plays Today
Hint
Answer
% Correct
Body works best at a temperature of _
_
_
°C
37
95.1%
The process by which a constant internal environment is mantained despite changes by the external environment
Homeostasis
62.3%
Organ that controls how much water is lost through urine
kidney
54.4%
A disease caused when the body cannot produce any insulin, enough insulin or is unable to uses the insulin that it makes
diabetes
49.2%
In the liver _
_
_
_
_
_
_
_
is stored as glycogen
glucose
48.7%
Female menstrual cycle takes an average of this many days
28
46.1%
What carries hormones to various organs in the body?
blood
43%
When we lose water are blood pressure_
_
_
_
_
_
_
_
decreases
39.9%
Chemicals released by cells . They affect cells in other parts of the body. In Greek this word means to excite or set into motion
hormones
38.9%
What gland is located just above each kidney and plays an important role in the body's response to stress
adrenal gland
37.7%
A tube that carries urine from the bladder to the exterior of the body
urethra
37.3%
A type of neuron that senses and relays information from the environment to the central nervous system for processing
sensory neuron
36.1%
Metabolism is controlled by this two-
lobed gland located at the base of the neck
thyroid
33%
This produces ezymes for digestion and hormones
pancreas
32.6%
Body works best with a blood glucose level of_
_
% blood glucose level
0.1
31.9%
A type of neuron that carries impulses from the central nervous system to the effector (muscles, organs, glands)
motor neurons
31.4%
Hormone that is released when blood sugar levels are low (ex. haven't eaten in a while)
glucagon
31.1%
The functional unit of the kidney. There are about one million of these located inside the kidney
nephron
29.5%
What percent of the body's blood can the kidney hold at anytime?
25
29.5%
A small sack like structure conected to the hypothalamus
pituitary gland
29%
Hint
Answer
% Correct
Word for area inside the cortex of an organ
medulla
28.5%
Division of the nervous system that acts as a coordinating center for incoming and outgoing information. Made up of the brain and spinal cord
central nervous system
28.3%
Computer aided imaging technique that produces 2-
D and 3-
D pictures of the brain
megnatic resonance imagine
27.7%
Female normal have this many eggs mature each month
one
26.7%
Body works best with a blood pH of _
_
_
7.35
26%
The matinance of body temperature with in a range that enables cells to function effiecently
thermoregulator
26%
Arteries that branch from the aorta and bring blood to the kidneys
renal arteries
24.5%
Outer layer of an organ
cortex
21.8%
One of the waste products of breaking down protein
ammonia
20.1%
Hormone that controls metabolism by increasing the rate at which glucose is oxidized
thyroxine
18.3%
The movement of fluid from the blood into the bowman's capsule
filtration
16.7%
Name for nerve cells located in the hypothalamus that detect changes in osmotic pressure
osmoreceptor
16.6%
Approxamatally _
_
_
% of water is reabsorbed in the proximal tubule automatically
85
16.1%
Hormone that stimulates the production of sperm in the seminiferous tubules
follicle stimulating hormone
15.7%
Type of sensory neurons that are located on your skin and respond to warm and cold temperatures
thermoreceptors
14.7%
Carries sensory neuron messages from receptors to the brain. Connected to the brain through the foraman magnum
spinal cord
14.1%
The shrinking of cells n the hypothalamus initiates this sensation
thirst
14%
Special sensors located in the organs that sense when the organ is functioning out of it's normal limits
monitor
13.2%
A message is sent from the cordinating cente to the _
_
_
_
_
_
_
_
_
which than works to get the organ back into the normal limits
Regulator
12.7%
The movement of waist from the blood back into the nephron
secretion
11.8%
Quiz Playlist
Details
Report
Send in Message
Add To Playlist
Classic:
Type in answers that appear in a list
Last Updated: Feb 16, 2017
Quiz Scoreboard
CHALLENGE
Sign Up to Join the Scoreboard
Show All
Scores
Hide
Comments
May contain spoilers
Recently Published
Image Sorting: Flags VI
by Barbecue
Geography
2m
Find the 'City' Movie
by crazypaving
Movies
60s
Colored Red Africa Blitz
by spor1
Geography
45s
More to Explore
Quiz From the Vault
Featured Blog Post
14 Easter Pick-up Lines to Find Eggs With
hide this ad
You Might Also Like...
Tags
Biology Quiz
Today's Top Quizzes in Science
Browse Science
hide this ad
Today's Top Quizzes in Biology
Browse Biology
Top Contributed Quizzes in Science
1
Windmill: Elements
2
200 Vogels in Nederland
3
Square Numbers Scrambled (1-50)
4
Count to 60
5
Elements In Images
6
Glycolysis
7
17 TIMES TABLE
8
4-letter Elementary Words III
9
perfect squares 1-25
10
Quick Pick: 'CI-CJ' Animals
Explore More
Trending Topics
Anime
NBA
Marvel
Kpop
Disney
Harry Potter
Crossword
Puzzle
Pokémon
The Office
Soccer
NFL
WWE
Song
Country
hide this ad
More By:
jl73
Quiz
Plays
Rating
Category
Featured
Created
Homeostasis
206
5.00
Science
Dec 31, 2014
Math Quiz grade 10 level
167
1.00
Miscellaneous
Dec 27, 2012
Go to Creator's Profile
Score Distribution
Quiz Creator Spotlight
jl73
Follow
Send a Message
Quizzes Created
-
Created Quiz Play Count
-
More By This Creator
Popular Quizzes Today
1
Colored Red Africa Blitz
2
Find the US States - No Outlines Minefield
3
Find the 'City' Movie
4
5x2 Blitz: Bands
5
The Countries of the World
6
Find the US States
7
Find the Countries of Europe - No Outlines Minefield
8
US States
More Science Quizzes
Periodic Table Spelling Bee
Editor's Pick
Trending Quizzes
Colored Red Europe Blitz I
Colored Red Europe Blitz II
Colored Red Africa Blitz II
Colored Red Europe Blitz III
Colored Red Africa Blitz III
Recently Updated
How Do You Spell That?
pecheneg
Godzilla Movies
pecheneg
Grab Bag: 4-10 Letters
pecheneg
2024 March Madness Bracket
pecheneg
Famous TV Couples
Peacemaker
Champions League XIs: Real Madrid
pecheneg
Largest US Cities 1790-2010
pecheneg
Rides in Walt Disney World
pecheneg
Most Oscar Losses (Acting)
pecheneg
Beyoncé Albums
pecheneg
Trending Topics
NBA
Kpop
Harry Potter
Marvel
Crossword
Disney
Anime
Soccer
Pokémon
Country
Song
NFL
The Office
Puzzle
WWE
Your Account Isn't Verified!
In order to create a playlist on Sporcle, you need to verify the email address you used during registration. Go to your
Sporcle Settings
to finish the process.
Report this User
Report this user for behavior that violates our
Community Guidelines
.
Details:
Send Report
Go to the Sporcle.com Mobile Site →
Comments